000 00413nam a2200121Ia 4500
008 171212s9999 xx 000 0 und d
020 _a9781925261349
100 _aAnderson, Kym
245 _cAnderson, Kym
_aFinishing Global Farm Trade Reform
_bImplications for developing countries
260 _bUniversity of Adelaide Press
_c2017
650 _aBusiness
856 _uhttp://jstor.org/stable/10.20851/j.ctt1sq5wc5
999 _c352920
_d352920